"Το Πανεπιστήμιο είναι ευκαιρία για να ζήσεις..." : όψεις της φοιτητικής ταυτότητας στο ρόλο των φοιτητών στην πόλη της Μυτιλήνης : πτυχιακή εργασία

Αποθηκεύτηκε σε:
Λεπτομέρειες βιβλιογραφικής εγγραφής
Κύριος συγγραφέας: Κόκκινου, Μαρία
Συγγραφή απο Οργανισμό/Αρχή: Πανεπιστήμιο Αιγαίου. Σχολή Κοινωνικών Επιστημών. Τμήμα Κοινωνικής Ανθρωπολογίας και Ιστορίας
Άλλοι συγγραφείς: Πλεξουσάκη, Έφη (dgsf)
Μορφή: Thesis Βιβλίο
Γλώσσα:Greek
Δημοσίευση: 2004.
Θέματα:
Ετικέτες: Προσθήκη ετικέτας
Δεν υπάρχουν, Καταχωρήστε ετικέτα πρώτοι!

MARC

LEADER 00000cam a2200000 i 4500
001 1/23507
008 060202s2004 gre d
035 |l 10082444 
040 |a GR-MY-UA  |b gre  |e aacr 
041 0 |a gre 
082 0 |a 306.43 
100 1 |a Κόκκινου, Μαρία. 
245 1 0 |a "Το Πανεπιστήμιο είναι ευκαιρία για να ζήσεις..." :   |b όψεις της φοιτητικής ταυτότητας στο ρόλο των φοιτητών στην πόλη της Μυτιλήνης : πτυχιακή εργασία /   |c Κόκκινου Μαρία ; υπεύθυνη καθηγήτρια Έφη Πλεξουσάκη.  
260 |c 2004.  
300 |a 127 σ. ;   |c 30 εκ.  
502 |a Πτυχιακή εργασία - Πανεπιστήμιο Αιγαίου, Λέσβος, 2004.  
504 |a Βιβλιογραφία: 122-124.  
650 0 0 |a Students  |z Greece  |z Mytilene (Lesbos) 
650 0 0 |a Students  |x Language. 
650 0 0 |a Students  |x Psychology. 
650 0 0 |a Dissertations, Academic  |z Greece. 
700 1 |a Πλεξουσάκη, Έφη,  |e dgsf 
710 2 |a Πανεπιστήμιο Αιγαίου.   |b Σχολή Κοινωνικών Επιστημών.   |b Τμήμα Κοινωνικής Ανθρωπολογίας και Ιστορίας. 
852 |a INST  |b LESVOS  |c DIATR  |e 20060323  |h 27  |p 005100034321  |q 005100034321  |t DIE  |y 23 
852 |a INST  |b LESVOS  |c DIATR  |e 20060202  |h 28  |p 005100034427  |q 005100034427  |t DIE  |y 23 
901 |a BIBL1-2006-1 
909 |a Λ  |b 111879 
909 |a Λ  |b 111883 
924 |a ΚΟΚΚΙΝΟΥ  |b ΜΑΡΙΑ  |y ΛΕΣΒΟΣ  |z 2004-10 
970 |a ΜΑΡΙΝΑΤΟΥ  |b ΜΥΡΣΙΝΗ  |z 2006/02/02